00293nam a22000977a 4500008004100000020001500041082002100056245006200077260004400139300001200183230621b xxu||||| |||| 00| 0 eng d a1565170105 a327.73bLAN 1993 aUnited States and Africa:bInto the Twenty- First Century aUSAbOverseas Development Councilc1993 aVII,62p